| 000 | 00579nam a2200205 a 4500 | ||
|---|---|---|---|
| 005 | 20220817063532.0 | ||
| 008 | 031103s1998 mx r 000 0 spa d | ||
| 020 | _a8489239088 | ||
| 035 | _aUPN01000130608 | ||
| 049 | _aCG | ||
| 050 | 4 |
_aJC311 _bC6.4 |
|
| 100 | 1 | _aConnor, Walker | |
| 245 | 1 | 0 |
_aEtnonacionalismo / _cWalker Connor ; tr. María Corniero. |
| 260 |
_aMadrid : _bTrama, _c1998. |
||
| 300 | _axv, 212 p. | ||
| 440 | 0 | _aEcúmene | |
| 534 |
_pTraducción de: _tEthnonationalism: the quest for understanding |
||
| 650 | 7 |
_aNacionalismo _2 _910025 |
|
| 905 | _aLibro | ||
| 999 |
_c102765 _d102765 |
||